000
00283nam a22001337a 4500
008
170623b xxu||||| |||| 00| 0 eng d
020
_a
2900393927367
041
_a
eng
080
_2
7TH
_a
93
100
_a
21
101
_a
SHP
245
_a
AMERICA
_c
TINDALL, G.B
942
_2
udc
_c
BK
999
_c
18899
_d
18899